Представление документа в формате MARC21

Поле Инд. ПП Название Значение
Тип записи a
Библиографический уровень a
001 Контрольный номер 2ea27fd7701543e5afadcbd22e504e14
005 Дата корректировки 20221206130252.1
041 0_ a Код языка текста rus
080 a Индекс УДК 159.9
097 b Оператор *Т*
100 1_ a Автор Савинков С.Н.
245 10 a Заглавие Обеспечение профессиональной и личностной надежности сотрудников силовых структур
b Продолж. заглавия статья
p Название части/ раздела - Текст : электронный
260 a Место издания Тверь
b Издательство ТвГТУ
520 0_ a Аннотация рассмотрена проблема обеспечения профессиональной и личностной надежности сотрудников силовых структур. Проанализированы основные подходы к надежности. Сделан вывод, что профессиональная надежность естественным образом сопряжена с надежностью личностной и может быть аттестована как способность специалистов силовых структур в любых, в том числе и форс-мажорных, обстоятельствах выполнять функции на требуемом качественном уровне.
653 0_ a Ключевые слова надежность, психология, исследования, сотрудники силовых ведомств, личность
773 18 w Контрольный № источника 74cd496a560f49228f2dfd741c32ff31
t Название источника Теоретические исследования и экспериментальные разработки студентов и аспирантов : материалы Всероссийской (национальной) научно-практической конференции, 2022 г., Тверь : в 2 частях / под редакцией Т.Б. Новиченковой
d Место и дата издания Тверь : Тверской государственный технический университет, 2022
g Прочая информация Ч. 2. - С. 109-115
773 18 z ISBN 978-5-7995-1232-3
901 t Тип документа a
905 a Дата создания записи 28.10.22
950 a Редактор записи гм